| 000 | 00532nam a2200205Ia 4500 | ||
|---|---|---|---|
| 005 | 20230324100718.0 | ||
| 008 | 131103s9999 xx 000 0 und d | ||
| 040 | _aLoreto College | ||
| 041 | _aEnglish | ||
| 082 |
_a822.91 _bMAC |
||
| 100 | _aMacdonagh, Donagh | ||
| 245 |
_aHappy as larry _b An play in four scenes _cby Donagh Macdonagh |
||
| 250 | _aNew ed. | ||
| 260 |
_aMaurice _bAn Hourglass Book _c1967 |
||
| 300 | _a91p. | ||
| 504 | _aIncludes Glossary | ||
| 650 | _aEnglish drama | ||
| 850 | _aLCLIB | ||
| 942 | _cBK | ||
| 999 |
_c22266 _d72745 |
||